=LDR 00000nam 2200000 4500 =001 INLIS000000000003785 =005 20130612092104 =008 ***********************************Ind** =035 ##$$0010-061300000003785 =041 ##$$a Ind =082 ##$$a 510.7 =090 ##$$a 510.7, Sah m =100 ##$$a Sahid =245 ##$$a Matematika SMU kurikulum SMU 1994 sesuai GBPP, Dra.Ganung Anggraini, Drs. Marsudi Raharjo =260 ##$$a 1994 $b Semarang =300 ##$$a ...jli., ilus., 28 cm =650 ##$$a Matematika =650 ##$$a Studi dan pengajaran =700 ##$$a Anggraini, Ganung 3.Raharjo, Marsudi =850 ##$$a NBPNMAT